Faculty of Law Library — Cairo University

Official Online Catalog

الشرعية الإجرائية في التأديب : (Record no. 57955)

MARC details
000 -LEADER
fixed length control field 01568nam a2200349 i 4500
003 - CONTROL NUMBER IDENTIFIER
control field EG-GICUC
005 - DATE AND TIME OF LATEST TRANSACTION
control field 20260121101743.0
008 - FIXED-LENGTH DATA ELEMENTS--GENERAL INFORMATION
fixed length control field 260119s1985 ua ||||fr|||| 00| 0 ara d
017 ## - COPYRIGHT OR LEGAL DEPOSIT NUMBER
Copyright or legal deposit number ١٥٠٨/٥٧
040 ## - CATALOGING SOURCE
Original cataloging agency EG-GICUC
Language of cataloging ara
Transcribing agency EG-GICUC
Modifying agency EG-GICUC
Description conventions rda
041 0# - LANGUAGE CODE
Language code of text/sound track or separate title ara
082 04 - DEWEY DECIMAL CLASSIFICATION NUMBER
Edition number 21
Classification number 345.456
Item number م ا . ش
092 04 - LOCALLY ASSIGNED DEWEY CALL NUMBER (OCLC)
Edition number 21
099 ## - LOCAL FREE-TEXT CALL NUMBER (OCLC)
Classification number Law1 07 345.456 م ا . ش 1 ed - 1985
100 0# - MAIN ENTRY--PERSONAL NAME
Personal name ماهر عبد الهادي
Relator term مؤلف.
245 12 - TITLE STATEMENT
Title الشرعية الإجرائية في التأديب :
Remainder of title دراسة حول مدى تطبيق مفهوم الشرعية الشكلية الجامدة على الإجراءات التأديبية في القانون الإداري المصرى والمقارن /
Statement of responsibility, etc. د. ماهر عبد الهادي.
246 14 - VARYING FORM OF TITLE
Title proper/short title La Legalite Procedurale Disciplinaire
250 ## - EDITION STATEMENT
Edition statement الطبعة الأولى
264 #3 - PRODUCTION, PUBLICATION, DISTRIBUTION, MANUFACTURE, AND COPYRIGHT NOTICE
Place of production, publication, distribution, manufacture القاهرة :
Name of producer, publisher, distributor, manufacturer دار غريب،
Date of production, publication, distribution, manufacture, or copyright notice 1985.
300 ## - PHYSICAL DESCRIPTION
Extent 495 صفحة؛
Dimensions 24 سم.
336 ## - CONTENT TYPE
Source rda content
Content type term text
337 ## - MEDIA TYPE
Source rda media
Media type term Computer
338 ## - CARRIER TYPE
Source rda carrier
Carrier type term Online Resource
504 ## - BIBLIOGRAPHY, ETC. NOTE
Bibliography, etc. note 489-465 ببليوجرافيا: صفحات.
504 ## - BIBLIOGRAPHY, ETC. NOTE
Bibliography, etc. note يشتمل على إرجاعات ببليوجرافية.
546 ## - LANGUAGE NOTE
Language note النص أغلبه باللغة العربية مع بعض النصوص الفرنسية
650 14 - SUBJECT ADDED ENTRY--TOPICAL TERM
Topical term or geographic name entry element إجراءات وضمانات تأديب العاملين المدنين بالدولة
650 14 - SUBJECT ADDED ENTRY--TOPICAL TERM
Topical term or geographic name entry element القانون الإداري
856 40 - ELECTRONIC LOCATION AND ACCESS
Uniform Resource Identifier <a href="https://fll.law.cu.edu.eg/fulltext/bks/B07-02245.pdf">https://fll.law.cu.edu.eg/fulltext/bks/B07-02245.pdf</a>
905 ## - Cataloger and Reviser Names
Cataloger Name: Sara El-Gendy
942 ## - ADDED ENTRY ELEMENTS (KOHA)
Source of classification or shelving scheme Dewey Decimal Classification
Koha item type Books
Edition 21
Suppress in OPAC No
Holdings
Withdrawn status Lost status Source of classification or shelving scheme Damaged status Not for loan Collection Home library Current library Date acquired Total checkouts Full call number Barcode Date last seen Copy number Price effective from Koha item type
    Dewey Decimal Classification   Not for loan القانون الإداري جــــامعة القــاهرة مكتبة كلية الحقوق - المبنى الرئيسي 19.01.2026   Law1 07 345.456 م ا . ش 1 ed - 1985 0702245 C1 B07-02245 19.01.2026 1 19.01.2026 Books

© All rights reserved — Faculty of Law, Cairo University